000 00714nam a2200205 a 4500
001 BRCA_1358
005 20190320203406.0
008 930630s1988 sp-a---##b---#000-0#eng-#
020 _a0500973695
050 4 _aNK2883
_b.L57 1988b
100 1 _aLipton, Mimi
_94443
245 1 0 _aThe Tiger Rugs of Tibet
_cedited and with an introduction by Mimi Lipton ; with contributions by Cyril Barrett ... [et al.].
260 _aLondres
_bThames and Hudson
_c1988
300 _a191 p.
_bil. (algunas a color)
_c31 cm.
504 _aBibliografía : p. 190-191
650 1 4 _aMantas, orientales
_xExposiciones
_zChina
_94444
650 1 4 _aTigres en arte
_xExposiciones
_94445
700 1 _aBarrett, Cyril
_94446
942 _2lcc
_cB
999 _c1220
_d1220